000 00522nam a2200169Ia 4500
003 IN-BaIIA
008 211028s9999 xx 000 0 eng d
040 _cIIA Library
080 _a530.1
_bBER-B
110 _aUnited States. Berkeley Physics Laboratory
_95052
245 0 _aLaboratory physics
_bpt. B
_cBerkeley Physics Laboratory
260 _aNew York
_bMcGraw-Hill
_c1965
300 _a[various pagings.]
650 _aNASA thesaurus
650 _aPhysics - general
_91580
942 _cBK
999 _c2831
_d2831